[Event "NED-ch U21 Girls"]
[Site "Venlo"]
[Date "2007.04.29"]
[Round "3"]
[White "Grannetia, Claudia"]
[Black "Geragousian, Biaina"]
[Result "1-0"]
[WhiteElo "1695"]
[BlackElo "2009"]
[PlyCount "121"]
[EventDate "2007.04.27"]
[EventType "tourn"]
[EventRounds "9"]
[EventCountry "NED"]
[SourceTitle "EXT 2009"]
[Source "ChessBase"]
[SourceDate "2008.11.26"]
[SourceVersion "1"]
[SourceVersionDate "2008.11.26"]
[SourceQuality "1"]

1. e4 c5 2. Nf3 d6 3. d4 cxd4 4. Nxd4 Nf6 5. Nc3 a6 6. Bg5 e6 7. f3 Be7 8. Qd2 Nbd7 9. 0-0-0 Qc7 10. g4 b5 11. Bg2 b4 12. Nce2 Rb8 13. Ng3 a5 14. Bf1 Ne5 15. Nb5 Qc6 16. Nxd6+ Bxd6 17. Qxd6 Qxd6 18. Rxd6 Ke7 19. Rd1 Nxf3 20. Bxf6+ gxf6 21. Be2 Ne5 22. h3 Bb7 23. Rhf1 Rbc8 24. Rd4 Rc7 25. Rf2 Rhc8 26. Bf1 Nc4 27. Bxc4 Rxc4 28. Rfd2 R8c7 29. Kd1 Ba8 30. b3 Rc3 31. R4d3 Bb7 32. Rxc3 Rxc3 33. Rd3 Rc5 34. Rd4 Ba6 35. Rd2 Rc3 36. Rg2 Kd6 37. Nh5 Rf3 38. Kd2 Ke5 39. Rg3 Rf2+ 40. Kc1 Rf1+ 41. Kb2 Kxe4 42. g5 f5 43. Nf6+ Kf4 44. Nh5+ Ke5 45. Nf6 f4 46. Rg2 f3 47. Rg3 Kf4 48. Rg4+ Kf5 49. Nh5 e5 50. Ng3+ Kg6 51. h4 Bc8 52. h5+ Kg7 53. Rc4 Rg1 54. Ne4 Be6 55. Rc7 Rxg5 56. Nxg5 f2 57. Nxe6+ Kf6 58. Ng5 Kxg5 59. Rxf7 Kxh5 60. Rxf2 Kg4 61. c4 1-0